Statistics for Cities With "Stan" in Their Name

Click here to take the quiz!

General Stats

  • This quiz has been taken 22 times
  • The average score is 2 of 6

Answer Stats

Country LocatedCity% Correct
TurkeyIstanbul
95%
KazakhstanAstana
89%
AlgeriaConstantine
16%
BrazilCastanhal
5%
RomaniaConstanța
5%
KazakhstanKostanay
5%

Score Distribution

Percentile by Number Answered

Percent of People with Each Score

Your Score History

You have not taken this quiz